Heavy crude oil upgrading , jazmin crude

El crudo Jazmn̕ est ̀localizado en el corazn̤ del Magdalena Medio en Colombia. Es un petrl̤eo pesado con 43 % en peso de fondos de vaco̕. No puede procesarse en refinera̕s convencionales sin mezclarse con otros crudos ligeros. Debe mejorarse para producir petrl̤eo sintťico con alta concentracin̤ de...

Descripció completa

Guardat en:
Dades bibliogràfiques
Altres autors: Carrillo Jess͠ Alirio, Corredor Laura Milena, Scientific Research Publishing
Format: Llibre
Idioma:anglès
Matèries:
Accés en línia:Heavy crude oil upgrading , jazmin crude
Etiquetes: Afegir etiqueta
Sense etiquetes, Sigues el primer a etiquetar aquest registre!

MARC

LEADER 00000nam a22000004a 4500
001 vpro11706
005 20201223000000.0
008 170516s2017 ck # g## #001 0#eng#d
020 |a 2160-0392 (versin̤ impresa) ; 2160-0406 (versin̤ online) 
022
040 |a CO-BoINGC 
041 0 |a eng 
245 1 0 |a Heavy crude oil upgrading , jazmin crude 
246 |a Mejoramiento de crudo pesado : crudo Jazmn̕ 
264 |a Bogot ̀(Colombia) :  |b Revista VirtualPRO,  |c 2017 
520 3 |a El crudo Jazmn̕ est ̀localizado en el corazn̤ del Magdalena Medio en Colombia. Es un petrl̤eo pesado con 43 % en peso de fondos de vaco̕. No puede procesarse en refinera̕s convencionales sin mezclarse con otros crudos ligeros. Debe mejorarse para producir petrl̤eo sintťico con alta concentracin̤ destilados y baja acidez. En este artc̕ulo se presentan ocho alternativas de mejoramiento. 
650 \ \ |a Viscosidad 
650 \ \ |a Tecnologa̕ del petrl̤eo 
650 \ \ |a Industria del petrl̤eo 
650 \ \ |a Viscosity 
650 \ \ |a Petroleum technology 
650 \ \ |a Petroleum industry 
650 \ \ |a Petrl̤eo 
650 \ \ |a Crudos pesados 
650 \ \ |a Propiedades 
650 \ \ |a Mejoramiento de crudo pesado 
650 \ \ |a Crudo Jazmn̕ 
650 \ \ |a Ruptura de viscosidad 
650 \ \ |a Desasfaltado 
650 \ \ |a Coquizacin̤ 
650 \ \ |a Conversin̤ třmica 
650 \ \ |a Acidez 
650 \ \ |a Oil 
650 \ \ |a Heavy crude 
650 \ \ |a Properties 
650 \ \ |a Heavy crude improvement 
650 \ \ |a Jasmine crude 
650 \ \ |a Viscosity breaking 
650 \ \ |a Deasphalting 
650 \ \ |a Coking 
650 \ \ |a Thermal conversion 
650 \ \ |a Acidity  
700 \ \ |a Carrillo Jess͠ Alirio 
700 \ \ |a Corredor Laura Milena  
700 \ \ |a Scientific Research Publishing 
856 |z Heavy crude oil upgrading , jazmin crude  |u https://virtualpro.unach.elogim.com/biblioteca/mejoramiento-de-crudo-pesado-crudo-jazmin